000 00675nam a2200229Ia 4500
003 OSt
005 20220926030333.0
006 a|||||r|||| 00| 0
007 ta
008 220923b |||||||| |||| 00| 0 eng d
037 _cGeneral Book
040 _aRTL
_cRTL
_beng
041 _2eng
_aeng
082 _aY1:3217.262, K4
100 _aGangopadhyay Bela
245 0 _aMarriage regulations among certain castes of Bengal
260 _aPoona
_bDeccan College India
_c1964
300 _avii,121p.
_ccm.
490 _aDeccan College Dissertation Series ,25
942 _hY1:3217.262, K4
_cGB
_2CC
999 _c649381
_d649381